LEADER 01154cam2 2200253 450 001 E600200055305 005 20201014092645.0 100 $a20091021d1903 |||||ita|0103 ba 101 $aita 102 $aIT 200 1 $aParte 1: Introduzione - Valore delle ricerche stilistiche - L'elemento fantastico nei dialoghi platonici - Le premesse della filosofia di Platone (Il Teeteto)$fG. Lombardo-Radice 210 $aFirenze$cTipografia Galileiana$d1903 215 $a92 p.$d24 cm 461 1$1001E600200055303$12000 $aOsservazioni sullo svolgimento della dottrina delle ideee in Platone 700 1$aLombardo Radice$b, Giuseppe$3A600200029347$4070$0114917 801 0$aIT$bUNISOB$c20201014$gRICA 850 $aUNISOB 852 $aUNISOB$j100$m77967 912 $aE600200055305 940 $aM 102 Monografia moderna SBN 941 $aM 957 $a100$b008853$gSi$d77967$racquisto$1pregresso1$2UNISOB$3UNISOB$420091021094436.0$520201014092632.0$6Alfano 996 $aParte 1: Introduzione - Valore delle ricerche stilistiche - L'elemento fantastico nei dialoghi platonici - Le premesse della filosofia di Platone (Il Teeteto)$91706464 997 $aUNISOB LEADER 01950nam0 22003371i 450 001 UON00184446 005 20231205103147.98 100 $a20030730d1990 |0itac50 ba 101 $aita 102 $aIT 105 $a|||| 1|||| 200 1 $aˆLa ‰Sardegna nel mondo mediterraneo$eatti del terzo convegno internazionale di studi geografico-storici$fUniversità di Sassari 210 $aSassari$cEdizioni Gallizzi ; Nuoro$cIstituto superiore regionale etnografico$d1990 - vv. ; 22 cm 215 $aVol. V: L'acqua del Mediterraneo / a cura di Pasquale Brandis$dVol. VI: Per una s toria dell'acqua in Sardegna / a cura di Manlio Brigaglia$dVol. VII: Le tecniche del l'acqua / a cura di Giuseppe Scanu. 517 1$3UON00370752$aAtti del terzo convegno internazionale di studi geografico-storici : Sassari- Porto Cervo-Bono, 10-14 aprile 1985 606 $aSardegna$xGeografia$xStudi$3UONC038040$2FI 620 $dSassari$3UONL000427 620 $dNuoro$3UONL001141 702 1$aBRANDIS$bPasquale$3UONV106888 702 1$aBRIGAGLIA$bManlio$3UONV101054 702 1$aScanu$bGiuseppe$3UONV000059 712 02$aUniversità degli Studi$cSassari$3UONV103537 712 $aGallizzi$3UONV250460$4650 712 $aIstituto superiole regionale etnografico$3UONV278725$4650 801 $aIT$bSOL$c20251031$gRICA 912 $aUON00184446 950 $aSIBA - SISTEMA BIBLIOTECARIO DI ATENEO$dSI VII GEO E A 0217/VII $eSI SC 22745 5 0217/VII $sBuono 950 $aSIBA - SISTEMA BIBLIOTECARIO DI ATENEO$dSI VII GEO E A 0217/V $eSI SC 22743 5 0217/V $sBuono 950 $aSIBA - SISTEMA BIBLIOTECARIO DI ATENEO$dSI VII GEO E A 0217/VI $eSI SC 22744 5 0217/VI $sBuono 996 $aSardegna nel mondo mediterraneo$9615668 997 $aUNIOR